000 00466nam a2200145Ia 4500
008 240729s9999 xx 000 0 und d
022 _a2661-6289
245 0 _aJournal of Agriculture and Natural Resources
260 _aNepal
260 _bTribhuvan University, Institute of Agriculture and Animal Science, Prithu Technical College
650 _aAgriculture
856 _uhttps://doaj.org/toc/ac80588c749549a19153292e92c7e51b
942 _2ddc
942 _cDOAJEJ
999 _c69767
_d69767
945 _a1
_bMadushi Gamage
_c1
_dMadushi Gamage